000 00411nam a22001457a 4500
020 _qPB.
040 _cFIZZA ISHAQ
082 _a530.15
_bDAV
100 _aDAVIDSON,RONALD C.
_9131667
245 _aMATHEMATICAL METHODS FOR INTRODUCTORY PHYSICS WITH CALCULUS /
_cRONALD C. DAVIDSON.
250 _a3RD ED.
260 _aNEW YORK:
_bSAUNDERS COLLEGE PUBLISHING,
_c1994.
300 _a237 P. ;
942 _2ddc
_cBK
999 _c615277
_d615277